[Event "2015 Edmonton Invitational"]
[Site "Edmonton"]
[Date "2015.11.06"]
[Round "1.1"]
[White "Gardner, Robert"]
[Black "Kraai, Jesse"]
[Result "0-1"]
[WhiteElo "2160"]
[BlackElo "2506"]
[PlyCount "74"]
[EventDate "2015.11.06"]
[EventType "tourn"]
[EventRounds "9"]
[EventCountry "CAN"]
[WhiteClock "0:05:51"]
[BlackClock "0:05:36"]

1. d4 Nf6 2. c4 e6 3. Nc3 Bb4 4. e3 O-O 5. Nge2 Re8 6. a3 Bf8 7. d5 exd5 8.
cxd5 b6 9. Nf4 a5 10. Bd3 Na6 11. O-O Nc5 12. Bc2 Bd6 13. Nh5 Ba6 14. Re1 Nxh5
15. Qxh5 Bd3 16. Bxd3 Nxd3 17. Rd1 Nc5 18. Nb5 Be5 19. d6 Bxd6 20. Nxd6 cxd6
21. Rxd6 Rc8 22. Qd1 Qh4 23. Rxb6 Ne4 24. g3 Qh3 25. Rb5 Nxf2 26. Qh5 Rc2 27.
Qe5 Rec8 28. Rb8 h5 29. Rxc8+ Rxc8 30. Qxa5 Ng4 31. Qd2 Ne5 32. Qg2 Qg4 33. Bd2
Nf3+ 34. Kh1 Rc2 35. h3 Qe4 36. Rd1 Rxb2 37. a4 Rxd2 0-1

[Event "2015 Edmonton Invitational"]
[Site "Edmonton"]
[Date "2015.11.06"]
[Round "1.2"]
[White "Sevillano, Enrico"]
[Black "Haessel, Dale"]
[Result "1-0"]
[WhiteElo "2464"]
[BlackElo "2204"]
[PlyCount "83"]
[EventDate "2015.11.06"]
[EventType "tourn"]
[EventRounds "9"]
[EventCountry "CAN"]
[WhiteClock "0:01:43"]
[BlackClock "0:02:09"]

1. e4 e5 2. Nf3 Nc6 3. Bb5 Nf6 4. Qe2 a6 5. Ba4 Bc5 6. d3 d6 7. Be3 Ba7 8. Bxa7
Rxa7 9. Bxc6+ bxc6 10. d4 exd4 11. Nxd4 Bd7 12. O-O O-O 13. Nc3 Re8 14. f3 Qb8
15. Nb3 a5 16. Nd1 c5 17. Qf2 Ba4 18. Re1 c4 19. Nd4 g6 20. b3 cxb3 21. axb3
Bd7 22. Nb2 c5 23. Ne2 d5 24. e5 Rxe5 25. Nd3 Re8 26. Nxc5 Rc8 27. Nxd7 Nxd7
28. Nd4 a4 29. bxa4 Qa8 30. h4 Rxa4 31. Rxa4 Qxa4 32. h5 Qb4 33. h6 Qd6 34. Qe3
f6 35. Qe7 Qxe7 36. Rxe7 Ne5 37. Nb5 Kf8 38. Rxh7 Rxc2 39. Rh8+ Kf7 40. Nd6+
Ke7 41. h7 Rc1+ 42. Kh2 1-0

[Event "2015 Edmonton Invitational"]
[Site "Edmonton"]
[Date "2015.11.06"]
[Round "1.3"]
[White "Bakre, Tejas"]
[Black "Pechenkin, Vladimir"]
[Result "1-0"]
[WhiteElo "2438"]
[BlackElo "2327"]
[PlyCount "79"]
[EventDate "2015.11.06"]
[EventType "tourn"]
[EventRounds "9"]
[EventCountry "CAN"]
[WhiteClock "0:40:51"]
[BlackClock "0:01:15"]

1. Nf3 e6 2. d4 f5 3. g3 Nf6 4. Bg2 d5 5. c4 c6 6. O-O Bd6 7. b3 Qe7 8. Bb2 b6
9. Qc1 Bb7 10. Ba3 Nbd7 11. Rd1 Ne4 12. Nfd2 O-O 13. Nxe4 fxe4 14. Bxd6 Qxd6
15. Qa3 c5 16. Nc3 Nf6 17. f3 exf3 18. Bxf3 Ne4 19. Nxe4 dxe4 20. Bg2 Rad8 21.
e3 Rf7 22. Qc1 Rdf8 23. Qc3 h5 24. dxc5 Qxc5 25. Qd4 Qf5 26. Rf1 Qg4 27. Rxf7
Rxf7 28. Rf1 Rxf1+ 29. Bxf1 Kh7 30. Qe5 Qf3 31. Qf4 e5 32. Qg5 Bc8 33. h3 Qd1
34. g4 hxg4 35. Qh5+ Kg8 36. Qe8+ Kh7 37. Qxc8 Qf3 38. Qxg4 Qxe3+ 39. Kg2 Qd2+
40. Be2 1-0

[Event "2015 Edmonton Invitational"]
[Site "Edmonton"]
[Date "2015.11.06"]
[Round "1.4"]
[White "Breckenridge, Steven"]
[Black "Haynes, Nicolas"]
[Result "1-0"]
[WhiteElo "2330"]
[BlackElo "2177"]
[PlyCount "69"]
[EventDate "2015.11.06"]
[EventType "tourn"]
[EventRounds "9"]
[EventCountry "CAN"]
[WhiteClock "0:04:38"]
[BlackClock "0:01:06"]

1. e4 e5 2. f4 d5 3. exd5 exf4 4. Nf3 Nf6 5. Bb5+ c6 6. dxc6 Nxc6 7. d4 Bd6 8.
Qe2+ Be6 9. Ng5 O-O 10. Nxe6 fxe6 11. Bxc6 bxc6 12. O-O Re8 13. Nc3 Qb6 14. Qc4
Kh8 15. Kh1 Rad8 16. Ne2 e5 17. dxe5 Bxe5 18. Nxf4 Qc7 19. g3 Qb7 20. Qb3 Qd7
21. Qf3 Rf8 22. Nd3 Bd6 23. Qg2 c5 24. b3 Ng4 25. Bg5 Rde8 26. Rxf8+ Rxf8 27.
Re1 Qf7 28. Bf4 Bxf4 29. gxf4 Nf6 30. Nxc5 Nh5 31. Rf1 Nxf4 32. Qe4 g5 33. Qe5+
Qg7 34. Qxg7+ Kxg7 35. Rxf4 1-0

[Event "2015 Edmonton Invitational"]
[Site "Edmonton"]
[Date "2015.11.06"]
[Round "1.5"]
[White "Rekhson, Vladislav"]
[Black "Miller, David"]
[Result "1-0"]
[WhiteElo "2078"]
[BlackElo "2114"]
[PlyCount "73"]
[EventDate "2015.11.06"]
[EventType "tourn"]
[EventRounds "9"]
[EventCountry "CAN"]

1. e4 c5 2. Nf3 d6 3. d4 Nf6 4. Nc3 cxd4 5. Nxd4 a6 6. Rg1 e6 7. g4 d5 8. exd5
Nxd5 9. Ne4 Be7 10. g5 Qc7 11. h4 Qe5 12. Bd3 Bb4+ 13. Kf1 Bd7 14. Ne2 Nc6 15.
c4 Qh2 16. Rg3 Nde7 17. a3 Nf5 18. axb4 Nxg3+ 19. N2xg3 Nxb4 20. Nd6+ Ke7 21.
Be4 Rhd8 22. Bf4 Qxh4 23. Qf3 Qh3+ 24. Ke2 Nc6 25. Ngf5+ exf5 26. Qxh3 fxe4 27.
Qxh7 Nd4+ 28. Kf1 Rh8 29. Qxe4+ Ne6 30. Nf5+ Kd8 31. Rd1 Nxf4 32. Qe7+ Kc8 33.
Qxd7+ Kb8 34. Qd6+ Ka7 35. Qxf4 Rh1+ 36. Ke2 Re8+ 37. Ne3 1-0

[Event "2015 Edmonton Invitational"]
[Site "Edmonton"]
[Date "2015.11.07"]
[Round "2.1"]
[White "Kraai, Jesse"]
[Black "Sevillano, Enrico"]
[Result "1-0"]
[WhiteElo "2506"]
[BlackElo "2464"]
[PlyCount "113"]
[EventDate "2015.11.06"]
[EventType "tourn"]
[EventRounds "9"]
[EventCountry "CAN"]
[WhiteClock "0:16:53"]
[BlackClock "0:27:14"]

1. c4 Nf6 2. Nc3 g6 3. e4 d6 4. d4 Bg7 5. Nf3 O-O 6. Be2 e5 7. d5 Nbd7 8. Bg5
a5 9. Nd2 h6 10. Be3 Nc5 11. O-O Ne8 12. a3 f5 13. f3 f4 14. Bf2 Nd7 15. b4 g5
16. c5 h5 17. c6 Ndf6 18. cxb7 Bxb7 19. Nc4 axb4 20. axb4 Rxa1 21. Qxa1 Qe7 22.
Qa7 Bc8 23. Nb6 Bd7 24. Nxd7 Qxd7 25. b5 Bh6 26. Ra1 Qg7 27. b6 cxb6 28. Qxg7+
Bxg7 29. Bb5 Rf7 30. Ra8 Re7 31. Bc6 Bf8 32. Bxb6 g4 33. Nb5 gxf3 34. gxf3 Rg7+
35. Kf1 Kf7 36. Bd8 Be7 37. Na7 h4 38. Bxe7 Kxe7 39. Nc8+ Kf7 40. Ra7+ Kf8 41.
Rxg7 Kxg7 42. Bxe8 Nxe8 43. h3 Kf8 44. Ke2 Kf7 45. Kd3 Kf8 46. Kc4 Nf6 47. Nxd6
Nh7 48. Nf5 Ng5 49. Nxh4 Ke7 50. Kc5 Nxh3 51. d6+ Kd7 52. Kd5 Ng5 53. Kxe5 Nf7+
54. Kxf4 Kxd6 55. Kf5 Nh6+ 56. Kg6 Ng8 57. Kf7 1-0

[Event "2015 Edmonton Invitational"]
[Site "Edmonton"]
[Date "2015.11.07"]
[Round "2.2"]
[White "Haynes, Nicolas"]
[Black "Gardner, Robert"]
[Result "1-0"]
[WhiteElo "2177"]
[BlackElo "2160"]
[PlyCount "123"]
[EventDate "2015.11.06"]
[EventType "tourn"]
[EventRounds "9"]
[EventCountry "CAN"]
[WhiteClock "0:17:10"]
[BlackClock "0:14:57"]

1. c4 e5 2. g3 Nc6 3. Bg2 g6 4. e3 Bg7 5. Ne2 f5 6. O-O Nf6 7. Nbc3 O-O 8. a3
e4 9. d3 exd3 10. Qxd3 Ne5 11. Qc2 d6 12. b3 Rb8 13. Bb2 b6 14. Nd4 c5 15. Nc6
Nxc6 16. Bxc6 Bb7 17. Bxb7 Rxb7 18. Rad1 Ng4 19. Qe2 Rd7 20. Rd2 Qa8 21. f3 Ne5
22. Nd5 Qb7 23. Bxe5 dxe5 24. Rfd1 Kh8 25. e4 fxe4 26. Qxe4 Rdf7 27. Rd3 a6 28.
Kg2 b5 29. R1d2 bxc4 30. bxc4 Qb1 31. Nc3 Qa1 32. Na4 Qc1 33. Rf2 Rc7 34. Rc3
Qd1 35. Qc2 Qd8 36. Rd3 Qe8 37. Nc3 Rcf7 38. Ne4 Qc6 39. Rd6 Qc8 40. Rd5 Rc7
41. Qd3 h6 42. Qe3 Qb8 43. Rd6 Rb7 44. Rxg6 Kh7 45. Rd6 Rb3 46. Rd3 Rxd3 47.
Qxd3 Kh8 48. Nxc5 Rd8 49. Qg6 Rd6 50. Ne6 Qg8 51. Qxg7+ Qxg7 52. Nxg7 Kxg7 53.
c5 Rc6 54. Rc2 Kf6 55. g4 Ke6 56. h4 Kd7 57. Kf2 Rf6 58. c6+ Kc7 59. Rc4 Rd6
60. Ke3 Rd5 61. Ke4 Ra5 62. a4 1-0

[Event "2015 Edmonton Invitational"]
[Site "Edmonton"]
[Date "2015.11.07"]
[Round "2.3"]
[White "Miller, David"]
[Black "Pechenkin, Vladimir"]
[Result "0-1"]
[WhiteElo "2114"]
[BlackElo "2327"]
[PlyCount "58"]
[EventDate "2015.11.06"]
[EventType "tourn"]
[EventRounds "9"]
[EventCountry "CAN"]
[WhiteClock "0:01:03"]
[BlackClock "0:12:21"]

1. e4 e6 2. d4 d5 3. Nc3 Nf6 4. e5 Nfd7 5. f4 c5 6. Nf3 Nc6 7. Be3 Be7 8. Qd2
O-O 9. dxc5 Bxc5 10. O-O-O Qa5 11. a3 Rb8 12. Bxc5 Nxc5 13. Qf2 Bd7 14. f5 exf5
15. Rxd5 b6 16. Nd2 Be6 17. Nc4 Qa6 18. Nd6 Qa5 19. Nc4 Qa6 20. Nd6 Qa5 21. Bb5
Bxd5 22. Nxd5 Nxe5 23. Qg3 f4 24. Nf6+ Kh8 25. Qh4 h6 26. Nf5 Ncd3+ 27. cxd3
Ng6 28. Qh5 Qxb5 29. Nxg7 Qc6+ 0-1

[Event "2015 Edmonton Invitational"]
[Site "Edmonton"]
[Date "2015.11.07"]
[Round "2.4"]
[White "Haessel, Dale"]
[Black "Bakre, Tejas"]
[Result "0-1"]
[WhiteElo "2204"]
[BlackElo "2438"]
[PlyCount "104"]
[EventDate "2015.11.06"]
[EventType "tourn"]
[EventRounds "9"]
[EventCountry "CAN"]
[WhiteClock "0:12:08"]
[BlackClock "1:08:48"]

1. d4 d5 2. c4 c6 3. Nf3 Nf6 4. e3 Bf5 5. Nc3 e6 6. Nh4 Bg6 7. Nxg6 hxg6 8. Bd2
Nbd7 9. g3 Bb4 10. Qb3 Bxc3 11. Bxc3 Ne4 12. Bg2 Qc7 13. O-O Nxc3 14. Qxc3 Nb6
15. b3 Qe7 16. e4 dxe4 17. Bxe4 O-O 18. b4 Rad8 19. a4 a6 20. Rfd1 Rd7 21. Rd2
Rfd8 22. a5 Nc8 23. Rad1 Qf6 24. Bc2 Ne7 25. Qe3 g5 26. h3 g6 27. Kg2 Kg7 28.
g4 Qf4 29. Rd3 Qxe3 30. fxe3 f5 31. Ba4 Nc8 32. b5 cxb5 33. cxb5 axb5 34. Bxb5
Rc7 35. d5 Rc2+ 36. Kg1 e5 37. gxf5 Nd6 38. f6+ Kxf6 39. Rb3 Rc5 40. Be2 Rxa5
41. Rb6 e4 42. Bg4 Ke5 43. Be6 Ra3 44. Rb2 Rda8 45. Rg2 Ra1 46. Rxa1 Rxa1+ 47.
Kh2 Re1 48. Rxg5+ Kf6 49. Rg3 b5 50. Rg2 Rxe3 51. Rb2 Rd3 52. Kg2 Ke5 0-1

[Event "2015 Edmonton Invitational"]
[Site "Edmonton"]
[Date "2015.11.07"]
[Round "2.5"]
[White "Rekhson, Vladislav"]
[Black "Breckenridge, Steven"]
[Result "1-0"]
[WhiteElo "2078"]
[BlackElo "2330"]
[PlyCount "68"]
[EventDate "2015.11.06"]
[EventType "tourn"]
[EventRounds "9"]
[EventCountry "CAN"]
[WhiteClock "0:09:03"]
[BlackClock "0:42:38"]

1. e4 e5 2. Nf3 Nc6 3. Bb5 Nge7 4. O-O g6 5. c3 a6 6. Ba4 Bg7 7. d4 exd4 8.
cxd4 b5 9. Bb3 d6 10. a4 b4 11. a5 O-O 12. h3 d5 13. exd5 Nxd5 14. Bg5 Qd7 15.
Ba4 Bb7 16. Nbd2 h6 17. Be3 Nxe3 18. fxe3 Qe7 19. Nc4 Rad8 20. Qc2 Rd5 21. Rac1
Kh7 22. Bxc6 Bxc6 23. Nce5 Bb5 24. Rf2 c5 25. e4 Rxd4 26. Nxd4 Bxe5 27. Nxb5
axb5 28. Qxc5 Qg5 29. h4 Qg3 30. Qxf8 Qh2+ 31. Kf1 Bg7 32. Rxf7 Qh1+ 33. Kf2
Qxh4+ 34. Kg1 Qd8 1-0

[Event "2015 Edmonton Invitational"]
[Site "Edmonton"]
[Date "2015.11.07"]
[Round "3.1"]
[White "Bakre, Tejas"]
[Black "Kraai, Jesse"]
[Result "1/2-1/2"]
[WhiteElo "2438"]
[BlackElo "2506"]
[PlyCount "48"]
[EventDate "2015.11.06"]
[EventType "tourn"]
[EventRounds "9"]
[EventCountry "CAN"]
[WhiteClock "0:26:53"]
[BlackClock "1:10:20"]

1. Nf3 Nf6 2. c4 b6 3. g3 Bb7 4. Bg2 e6 5. O-O Be7 6. Nc3 O-O 7. Re1 Ne4 8.
Nxe4 Bxe4 9. d3 Bb7 10. e4 c5 11. d4 cxd4 12. Nxd4 Nc6 13. e5 a6 14. Qg4 Kh8
15. Nxc6 Bxc6 16. Bxc6 dxc6 17. Rd1 Qc7 18. Bg5 Bc5 19. Qe4 h6 20. Be3 Be7 21.
Qd4 Bc5 22. Qc3 Be7 23. Qd4 Bc5 24. Qc3 Be7 1/2-1/2

[Event "2015 Edmonton Invitational"]
[Site "Edmonton"]
[Date "2015.11.07"]
[Round "3.2"]
[White "Sevillano, Enrico"]
[Black "Haynes, Nicolas"]
[Result "1-0"]
[WhiteElo "2464"]
[BlackElo "2177"]
[PlyCount "73"]
[EventDate "2015.11.06"]
[EventType "tourn"]
[EventRounds "9"]
[EventCountry "CAN"]
[WhiteClock "0:24:36"]
[BlackClock "0:05:00"]

1. e4 Nf6 2. e5 Nd5 3. c4 Nb6 4. d4 d6 5. exd6 exd6 6. Nc3 Be7 7. Bd3 O-O 8.
Nge2 Nc6 9. b3 Bg4 10. Be3 Bf6 11. Qb1 g6 12. O-O Nb4 13. h3 Bc8 14. Be4 d5 15.
a3 Nc6 16. Nxd5 Nxd5 17. Bxd5 Ne7 18. Be4 Nf5 19. Bxf5 Bxf5 20. Qa2 Re8 21.
Rad1 Bg7 22. Ng3 Bd7 23. Qd2 Qe7 24. a4 Qd6 25. Bh6 Bh8 26. Bf4 Qb6 27. Qd3 c6
28. Be5 f6 29. Bf4 Qb4 30. Qf3 Rad8 31. Bd2 Qd6 32. Ne4 Qf8 33. c5 Be6 34. Nd6
Bd5 35. Qg3 Re7 36. Rde1 Bg7 37. h4 1-0

[Event "2015 Edmonton Invitational"]
[Site "Edmonton"]
[Date "2015.11.07"]
[Round "3.3"]
[White "Pechenkin, Vladimir"]
[Black "Haessel, Dale"]
[Result "1/2-1/2"]
[WhiteElo "2327"]
[BlackElo "2204"]
[PlyCount "161"]
[EventDate "2015.11.06"]
[EventType "tourn"]
[EventRounds "9"]
[EventCountry "CAN"]
[WhiteClock "0:02:08"]
[BlackClock "0:02:58"]

1. c4 c5 2. g3 Nf6 3. Bg2 g6 4. Nc3 Nc6 5. d3 Bg7 6. e4 d6 7. Nge2 O-O 8. O-O
Ne8 9. Be3 Nc7 10. d4 cxd4 11. Nxd4 Ne6 12. Nde2 Nc5 13. h3 a5 14. f4 Be6 15.
b3 a4 16. Rb1 Qa5 17. Nd5 axb3 18. axb3 Bxd5 19. exd5 Nb4 20. Nd4 Na2 21. Nb5
Nc3 22. Nxc3 Qxc3 23. Rf3 Ne4 24. Qe2 Qb4 25. Qd3 Nc5 26. Qc2 Ra6 27. Bd2 Qb6
28. Be3 Qb4 29. Bd2 Qb6 30. Be3 Qc7 31. b4 Nd7 32. Bf2 Rc8 33. Qb3 Rca8 34. Kh2
Ra2 35. Kg1 Ra1 36. Rxa1 Rxa1+ 37. Kh2 Rc1 38. Qe3 Rxc4 39. Qxe7 Bc3 40. Qe8+
Nf8 41. b5 Qd7 42. Qe2 Rc8 43. Re3 Bf6 44. h4 Ra8 45. Bh3 Qc7 46. Re4 Qc3 47.
Bg2 Qa1 48. Rc4 Ra2 49. Rc2 Rxc2 50. Qxc2 Qa5 51. Qc4 Qd8 52. Bh3 Nd7 53. h5
gxh5 54. Qe2 Nc5 55. Bxc5 dxc5 56. Qxh5 Kg7 57. Qg4+ Kf8 58. Qf5 Kg7 59. Bf1 b6
60. Bd3 Qg8 61. d6 Bd8 62. d7 f6 63. Kh3 Qf7 64. Qxh7+ Kf8 65. Qh8+ Qg8 66.
Qxg8+ Kxg8 67. Kg4 Kf7 68. Bf5 Ke7 69. Kh5 c4 70. g4 Bc7 71. g5 fxg5 72. fxg5
Be5 73. Kg6 Bf4 74. d8=Q+ Kxd8 75. Kf6 Kc7 76. g6 Bh6 77. Ke6 Bg7 78. Be4 c3
79. Ke7 Bh8 80. Bf5 Bd4 81. Be4 1/2-1/2

[Event "2015 Edmonton Invitational"]
[Site "Edmonton"]
[Date "2015.11.07"]
[Round "3.4"]
[White "Breckenridge, Steven"]
[Black "Miller, David"]
[Result "0-1"]
[WhiteElo "2330"]
[BlackElo "2114"]
[PlyCount "62"]
[EventDate "2015.11.06"]
[EventType "tourn"]
[EventRounds "9"]
[EventCountry "CAN"]
[WhiteClock "1:26:43"]
[BlackClock "0:31:44"]

1. e4 c5 2. c3 d6 3. d4 Nf6 4. Bd3 g6 5. Nf3 Bg7 6. dxc5 dxc5 7. e5 Ng4 8. Bb5+
Bd7 9. e6 fxe6 10. Ng5 Bxb5 11. Qxg4 Bf6 12. Qxe6 Bxg5 13. Bxg5 Qd7 14. Qe5 O-O
15. Bh6 Rf6 16. Qxc5 Re6+ 17. Be3 Na6 18. Qg5 Rd8 19. f3 Qd3 20. Kf2 Rd5 21.
Qf4 g5 22. Qxg5+ Rxg5 23. Bxg5 Rg6 24. h4 h6 25. Na3 Qe2+ 26. Kg3 hxg5 27. h5
Qe5+ 28. Kf2 Rd6 29. Rhe1 Rd2+ 30. Kg1 Qg3 31. Nxb5 Qxg2# 0-1

[Event "2015 Edmonton Invitational"]
[Site "Edmonton"]
[Date "2015.11.07"]
[Round "3.5"]
[White "Gardner, Robert"]
[Black "Rekhson, Vladislav"]
[Result "1-0"]
[WhiteElo "2160"]
[BlackElo "2078"]
[PlyCount "87"]
[EventDate "2015.11.06"]
[EventType "tourn"]
[EventRounds "9"]
[EventCountry "CAN"]
[WhiteClock "0:51:14"]
[BlackClock "0:19:12"]

1. d4 d5 2. c4 e6 3. Nc3 Be7 4. cxd5 exd5 5. Bf4 c6 6. e3 Bf5 7. g4 Be6 8. h4
Nd7 9. h5 Nh6 10. f3 Nb6 11. Bd3 Bh4+ 12. Kf1 g5 13. hxg6 hxg6 14. Qc2 g5 15.
Be5 f6 16. Bh2 Qd7 17. Nge2 f5 18. Be5 Rf8 19. Nf4 fxg4 20. Nxe6 Rxf3+ 21. Kg2
Qxe6 22. Raf1 Nc4 23. Bxc4 Nf5 24. Rxf3 gxf3+ 25. Kxf3 dxc4 26. Ne4 O-O-O 27.
Ke2 Rf8 28. Rf1 Ng3+ 29. Nxg3 Qg4+ 30. Kd2 Rxf1 31. Nxf1 Qg2+ 32. Kc3 Qxf1 33.
Kb4 Be1+ 34. Kc5 Qd3 35. Qh2 b6+ 36. Kxc6 Qg6+ 37. Kb5 Qg8 38. Qh1 Qe8+ 39.
Qc6+ Qxc6+ 40. Kxc6 c3 41. bxc3 Bxc3 42. Bf6 g4 43. Bh4 b5 44. d5 1-0

[Event "2015 Edmonton Invitational"]
[Site "Edmonton"]
[Date "2015.11.08"]
[Round "4.1"]
[White "Kraai, Jesse"]
[Black "Pechenkin, Vladimir"]
[Result "1-0"]
[WhiteElo "2506"]
[BlackElo "2327"]
[PlyCount "57"]
[EventDate "2015.11.06"]
[EventType "tourn"]
[EventRounds "9"]
[EventCountry "CAN"]
[WhiteClock "0:34:11"]
[BlackClock "0:02:05"]

1. d4 f5 2. Bg5 g6 3. Nc3 Bg7 4. e3 Nf6 5. h4 h6 6. Bxf6 Bxf6 7. Qf3 e6 8. Nge2
d5 9. g4 Qe7 10. Nf4 Qf7 11. h5 fxg4 12. Qxg4 gxh5 13. Nxh5 Nc6 14. Bd3 Bg5 15.
f4 e5 16. Qe2 exf4 17. exf4+ Kd8 18. O-O-O Re8 19. Qg2 Bxf4+ 20. Kb1 Bg5 21.
Rhf1 Qg8 22. Nxd5 Be6 23. c4 Bxd5 24. cxd5 Nb4 25. Be4 c6 26. Qh2 Rxe4 27. Qd6+
Ke8 28. Qxb4 Rd8 29. Qxb7 1-0

[Event "2015 Edmonton Invitational"]
[Site "Edmonton"]
[Date "2015.11.08"]
[Round "4.2"]
[White "Breckenridge, Steven"]
[Black "Gardner, Robert"]
[Result "1-0"]
[WhiteElo "2330"]
[BlackElo "2160"]
[PlyCount "59"]
[EventDate "2015.11.06"]
[EventType "tourn"]
[EventRounds "9"]
[EventCountry "CAN"]
[WhiteClock "1:06:54"]
[BlackClock "1:01:10"]

1. e4 d6 2. d4 Nf6 3. Nc3 g6 4. Nf3 Bg7 5. Be2 O-O 6. O-O Nc6 7. Re1 e5 8. dxe5
dxe5 9. Bg5 h6 10. Qxd8 Rxd8 11. Bxf6 Bxf6 12. Nd5 Bg7 13. Nxc7 Rb8 14. c3 Bg4
15. Nd5 Bxf3 16. Bxf3 b5 17. b4 Rd7 18. Red1 Kf8 19. Bg4 Rdb7 20. a4 a6 21. a5
Ne7 22. Nb6 f5 23. Bf3 Ke8 24. exf5 Rc7 25. fxg6 Rxc3 26. Nd7 Rd8 27. Nc5 Rxd1+
28. Rxd1 Nxg6 29. Bh5 Kf7 30. g3 1-0

[Event "2015 Edmonton Invitational"]
[Site "Edmonton"]
[Date "2015.11.08"]
[Round "4.3"]
[White "Miller, David"]
[Black "Haessel, Dale"]
[Result "0-1"]
[WhiteElo "2114"]
[BlackElo "2204"]
[PlyCount "128"]
[EventDate "2015.11.06"]
[EventType "tourn"]
[EventRounds "9"]
[EventCountry "CAN"]
[WhiteClock "0:01:01"]
[BlackClock "0:41:58"]

1. e4 e5 2. f4 exf4 3. Nf3 h6 4. d4 g5 5. Nc3 Bg7 6. g3 fxg3 7. hxg3 d6 8. Be3
Nf6 9. Qd2 Bg4 10. Bg2 Nc6 11. O-O-O O-O 12. Rdf1 Qd7 13. b3 Rfe8 14. d5 Ne7
15. Bd4 Bxf3 16. Rxf3 Ng4 17. Bxg7 Kxg7 18. Bh3 Ng6 19. Rf5 N6e5 20. Bxg4 Nxg4
21. Rxg5+ Kf8 22. Rgh5 Re5 23. Qf4 Ke7 24. Rf5 Rxf5 25. exf5 Rg8 26. Rh4 Ne5
27. Rxh6 Kd8 28. Ne4 Qb5 29. Nf6 Qc5 30. Kb2 Rf8 31. g4 b5 32. a3 a5 33. Rh3 b4
34. a4 Nd7 35. Nxd7 Kxd7 36. Qc4 Rg8 37. Rh7 Qxc4 38. bxc4 Ke7 39. Rh6 Rxg4 40.
f6+ Kd7 41. Rh7 Rxc4 42. Rxf7+ Ke8 43. Rh7 Rc5 44. Kb3 Rc3+ 45. Kb2 Kf8 46. Rd7
Ke8 47. Re7+ Kd8 48. Re6 Rf3 49. Kc1 Rf5 50. Kd2 Rxd5+ 51. Ke3 Re5+ 52. Rxe5
dxe5 53. Ke4 c5 54. Kxe5 c4 55. Kd4 c3 56. Ke3 Kd7 57. Kd3 Ke6 58. Ke3 Kxf6 59.
Kd4 Kf5 60. Ke3 Ke5 61. Kd3 Kf4 62. Ke2 Ke4 63. Ke1 Ke3 64. Kd1 Kf2 0-1

[Event "2015 Edmonton Invitational"]
[Site "Edmonton"]
[Date "2015.11.08"]
[Round "4.4"]
[White "Haynes, Nicolas"]
[Black "Bakre, Tejas"]
[Result "1/2-1/2"]
[WhiteElo "2177"]
[BlackElo "2438"]
[PlyCount "73"]
[EventDate "2015.11.06"]
[EventType "tourn"]
[EventRounds "9"]
[EventCountry "CAN"]
[WhiteClock "0:06:01"]
[BlackClock "0:39:11"]

1. c4 c5 2. Nf3 Nc6 3. Nc3 Nf6 4. g3 g6 5. Bg2 Bg7 6. O-O O-O 7. d4 cxd4 8.
Nxd4 Nxd4 9. Qxd4 d6 10. Bg5 Be6 11. Qd2 Bxc4 12. Bxb7 Rb8 13. Bg2 Ng4 14. b3
Be6 15. h3 h6 16. Bxe7 Qxe7 17. hxg4 Bxg4 18. Rfe1 Qg5 19. Qxg5 hxg5 20. Rac1
Rfc8 21. Ne4 Rxc1 22. Rxc1 Bxe2 23. Nxd6 Rd8 24. Rc8 Rxc8 25. Nxc8 Bd4 26. Ne7+
Kg7 27. Nc6 Bb6 28. Bd5 f5 29. a4 a5 30. Kg2 g4 31. f3 gxf3+ 32. Bxf3 Bd3 33.
b4 axb4 34. Nxb4 Bc4 35. Bd5 Be2 36. Bf3 Bc4 37. Bd5 1/2-1/2

[Event "2015 Edmonton Invitational"]
[Site "Edmonton"]
[Date "2015.11.08"]
[Round "4.5"]
[White "Rekhson, Vladislav"]
[Black "Sevillano, Enrico"]
[Result "0-1"]
[WhiteElo "2078"]
[BlackElo "2464"]
[PlyCount "100"]
[EventDate "2015.11.06"]
[EventType "tourn"]
[EventRounds "9"]
[EventCountry "CAN"]
[WhiteClock "0:20:23"]
[BlackClock "0:24:21"]

1. e4 g6 2. d4 c6 3. Nc3 d5 4. Nf3 Bg7 5. h3 Nh6 6. Be2 O-O 7. O-O f6 8. a4 e6
9. b4 Nf7 10. Ba3 Re8 11. Rb1 a6 12. a5 Nd7 13. Re1 Nd6 14. exd5 exd5 15. Bd3
Nf8 16. Na4 Bf5 17. Bxf5 Nxf5 18. Nc5 Qc7 19. Bc1 g5 20. Qd3 Nd6 21. Be3 Qf7
22. Nd2 Ng6 23. Nf1 h6 24. Ng3 f5 25. Nh5 f4 26. Bd2 Bh8 27. g3 Nh4 28. Nxf4
gxf4 29. gxh4 Nf5 30. c3 Nxh4 31. Kh1 h5 32. Rg1+ Bg7 33. Rg5 Kh8 34. Nxb7 Re6
35. Nc5 Re7 36. Rgg1 Rae8 37. Rbe1 Rxe1 38. Rxe1 Rxe1+ 39. Bxe1 Bf8 40. f3 Nf5
41. Nxa6 Qe6 42. Bf2 Ne3 43. Kh2 Qg8 44. Bxe3 Qg3+ 45. Kh1 Qxh3+ 46. Kg1 Qg3+
47. Kf1 Qxf3+ 48. Ke1 fxe3 49. Qf1 Qxf1+ 50. Kxf1 h4 0-1

[Event "2015 Edmonton Invitational"]
[Site "Edmonton"]
[Date "2015.11.08"]
[Round "5.1"]
[White "Haessel, Dale"]
[Black "Kraai, Jesse"]
[Result "0-1"]
[WhiteElo "2204"]
[BlackElo "2506"]
[PlyCount "59"]
[EventDate "2015.11.06"]
[EventType "tourn"]
[EventRounds "9"]
[EventCountry "CAN"]
[WhiteClock "0:01:24"]
[BlackClock "0:26:28"]

1. d4 Nf6 2. c4 e6 3. Nf3 b6 4. a3 Ba6 5. Qc2 c5 6. e4 cxd4 7. Nxd4 Bc5 8. Nb3
Nc6 9. Nc3 O-O 10. Nxc5 bxc5 11. Nb5 Bxb5 12. cxb5 Nd4 13. Qd3 d5 14. exd5 Qxd5
15. Be3 e5 16. Rc1 Rad8 17. Bxd4 exd4 18. f3 Rfe8+ 19. Kf2 Qg5 20. Rd1 Nd5 21.
h4 Qf6 22. Rd2 Ne3 23. b3 Ng4+ 24. Kg1 Re3 25. Qb1 Ne5 26. Bd3 Qf4 27. Bxh7+
Kh8 28. Be4 d3 29. Rh3 Rxe4 30. Kf1 0-1

[Event "2015 Edmonton Invitational"]
[Site "Edmonton"]
[Date "2015.11.08"]
[Round "5.2"]
[White "Sevillano, Enrico"]
[Black "Breckenridge, Steven"]
[Result "1-0"]
[WhiteElo "2464"]
[BlackElo "2330"]
[PlyCount "111"]
[EventDate "2015.11.06"]
[EventType "tourn"]
[EventRounds "9"]
[EventCountry "CAN"]
[WhiteClock "0:24:34"]
[BlackClock "0:22:34"]

1. e4 e5 2. Nf3 Nc6 3. Bb5 a6 4. Ba4 Nf6 5. Qe2 b5 6. Bb3 Bc5 7. d3 O-O 8. Bg5
Re8 9. O-O Na5 10. Nc3 Nxb3 11. axb3 Bb7 12. Kh1 h6 13. Bh4 g5 14. Bg3 d6 15.
Nd2 d5 16. exd5 Nxd5 17. Nxd5 Qxd5 18. f3 f5 19. Rfe1 Rad8 20. Rad1 Re7 21. Bf2
Bxf2 22. Qxf2 c5 23. Re2 Rde8 24. Nf1 Qd4 25. Ne3 Qf4 26. Rde1 Rf8 27. Nf1 e4
28. Ng3 Ref7 29. dxe4 fxe4 30. Nxe4 g4 31. Re3 Bc6 32. Kg1 Rf5 33. Qg3 Kh7 34.
Qxg4 Qxg4 35. fxg4 Rf4 36. Nxc5 Rxg4 37. g3 Bd5 38. Nxa6 Rd4 39. Nc7 Bg8 40.
Nxb5 Rd2 41. R3e2 Rd5 42. Nc3 Rdf5 43. b4 Bc4 44. Re4 Bf1 45. Ne2 Bh3 46. Nf4
Bg4 47. c4 h5 48. c5 R5f6 49. h3 Bc8 50. Re7+ Kh6 51. R1e5 Bf5 52. b5 h4 53. g4
Bxg4 54. hxg4 Rxf4 55. R5e6+ Kg5 56. Rg7# 1-0

[Event "2015 Edmonton Invitational"]
[Site "Edmonton"]
[Date "2015.11.08"]
[Round "5.3"]
[White "Gardner, Robert"]
[Black "Miller, David"]
[Result "1-0"]
[WhiteElo "2160"]
[BlackElo "2114"]
[PlyCount "103"]
[EventDate "2015.11.06"]
[EventType "tourn"]
[EventRounds "9"]
[EventCountry "CAN"]

1. d4 Nf6 2. c4 d6 3. Nf3 Nbd7 4. Nc3 e5 5. e4 g6 6. Be2 Bg7 7. O-O O-O 8. Qc2
Qe7 9. Rd1 c6 10. h3 Re8 11. d5 cxd5 12. Nxd5 Nxd5 13. Rxd5 Nc5 14. Bg5 f6 15.
Be3 Be6 16. Rd2 f5 17. exf5 gxf5 18. Ng5 Bh6 19. Nxe6 Bxe3 20. fxe3 Qxe6 21. b4
Ne4 22. Bf3 Rac8 23. Bxe4 fxe4 24. Qxe4 Qxc4 25. Qxb7 Qc3 26. Qd5+ Kh8 27. Re1
Qxb4 28. Qxd6 Qxd6 29. Rxd6 Rc2 30. Rf1 Rxa2 31. Rd7 Rg8 32. g4 Rc8 33. Re7 Kg8
34. Rf2 Rxf2 35. Kxf2 Rf8+ 36. Ke2 Rf7 37. Rxe5 Kg7 38. Ra5 Kg6 39. e4 Re7 40.
Ke3 Rb7 41. h4 Kf6 42. Ra6+ Ke5 43. Ra5+ Ke6 44. Kf4 Kf6 45. Ra6+ Kf7 46. Kg5
Kg7 47. e5 Re7 48. Kf5 Kf7 49. g5 Kg7 50. h5 Kf7 51. Rc6 Ke8 52. Re6 1-0